000 00506nam a22001817a 4500
003 BT-PhCST
020 _a8131708020
040 _cBT-PhCST
_dBT-PhCST
082 _222
_a621.31042
100 _aHubert, Charles I.
245 _aElectric machines :
_bTheory, operation application, adjustment and control /
250 _a2nd.
260 _aNew Delhi,
_bPearson Education,
_cc2007.
300 _axix, 604p. ;
_bill. ;
_c24 cm.
942 _2ddc
_cEE
_07
999 _c5554
_d5554
999 _c5921 | 51
_d5921 | 51
999 _c51
_d51